| 000 | 01487cam a22003011i 4500 | ||
|---|---|---|---|
| 003 | SA-RiAUC | ||
| 005 | 20241007062903.0 | ||
| 008 | 241005s1987 ua g f000 0cara c | ||
| 040 |
_aJO-MaAABU _bara _cSA-RiAUC _erda |
||
| 050 | 4 | _b.S53 1987 | |
| 082 | 0 | 4 | _a922.58 |
| 090 |
_a922.58 _bش ر ق |
||
| 100 | 1 |
_aالشرقاوي، عبد الرحمن، _d1920-1987 _eمؤلف. |
|
| 245 | 1 | 0 |
_aأئمة الفقه التسعة : _bالإمام أحمد بن حنبل، الإمام بن حزم، العز عز الدين عبد العزيز بن عبد السلام / _cعبد الرحمن الشرقاوي. |
| 264 | 1 |
_aالقاهرة : _bالهيئة المصرية العامة للكتاب، _c1987 |
|
| 300 | _a265 صفحة. | ||
| 336 |
_aنص _btxt _2rdacontent _3كتاب |
||
| 337 |
_aبدون وسيط _bn _2rdamedia |
||
| 338 |
_aمجلد _bnc _2rdacarrier |
||
| 490 | 1 |
_aالدراسات التاريخية ؛ _v4 |
|
| 600 | 1 | 7 |
_aابن عبد السلام، عبد العزيز بن عبد السلام بن أبي القاسم، _d577-660 هجري _2aucnm |
| 600 | 1 | 7 |
_aالإمام ابن حنبل، أحمد محمد بن حنبل، _d164-241 هجري _2aucnm |
| 600 | 1 | 7 |
_aابن حزم، علي بن أحمد بن سعيد، _d384-456 هجري _2aucnm |
| 650 | 1 | 7 |
_aالفقهاء _vتراجم _2aucsh |
| 830 | 2 |
_aسلسلة الدراسات التاريخية (دار سائر الشرق) _v4 |
|
| 942 |
_2ddc _cBOOK _n0 |
||
| 949 |
_aSA-JeALM _d241005 _umohamedma123 _n1 |
||
| 999 |
_c958 _d958 |
||